Score 0/18 Timer 07:00
1 Play Today
Limerick Character % Correct
On The Island, a man without doubts
He and Jack had their share of fall-outs
He had only one kidney
When he flew off to Sydney
But he couldn't go on Walkabouts
John Locke
98.3%
With some cash from his Lottery luck
He decided to buy 'Mr Cluck'
Which served his fave fast food.
He thought life was all good
But just then the meteor struck…
Hugo Reyes (Hurley)
98.2%
If you need a repair to your spine
There's no surgeon whose work is more fine
But back on the mainland
He became such a changed man.
All it seems he can do now is whine
Jack Shephard
97.9%
On the jet, a soon-to-be mother
Whose child will be raised by another
When the flight gets diverted
Tho it may seem perverted
Only then does she meet her half brother
Claire Littleton
92.3%
Since the freighter blew up, this Korean - -
Her husband she hasn't been seein'
Perhaps it's their fate
To remain separate
He's with Widmore, and she's Jacobean.
Sun-Hwa Kwon
91.6%
This guy brought our heart to a halt
When in the sealed underground vault
Not stopping to think
Shot a cop and a shrink
Before, all he did was yell “WAAAAAAALT!”
Michael Dawson
91.3%
When with Driveshaft, he knew every note.
Yet his chance of survival: remote
A rock one-hit wonder
And when he went under
His last words were 'NOT PENNY'S BOAT'.
Charlie Pace
90.1%
This man is a bright young Iraqi
Who looks good when dressed all in khaki
A marksman-like shooter
Who can fix a computer
And at one time was Linus’s lackey
Sayid Jarrah
90.1%
For three years in the Swan Station deep
He'd respond to the computer's beep
'…23, 42'
Starts the cycle anew
Then one hundred-eight minutes to sleep
Desmond Hume
87.4%
Limerick Character % Correct
His dad was a Workman for DHARMA
And wherever he goes, there's bad karma.
Let me leave you this tip:
Every word from his lip
Is a half-truth at best. Quite the charmer!
Benjamin Linus
87.1%
The island has long been his base
He gave Richard his unchanging face
Then Ben took his life
With The Man In Black's knife
Now a candidate must take his place.
Jacob
82.9%
He was brought to The Island a slave
When his ship was beached by a great wave
And though you may chortle
He may be immortal
(But his eyelashes could use a shave!)
Richard Alpert
81.2%
At first she was hated indeed
With her brother she wanted to breed
And although she was killed
All the viewers were thrilled
That she first fell in love with Sayid
Shannon Rutherford
78.5%
A criminal entrepreneur
Who long kept his story obscure
He could use a lawyer
This man known as “Sawyer”
And then other times called LaFleur.
James 'Sawyer' Ford
76.5%
A unique fellow to say the least,
He smuggled drugs dressed as a priest.
But he wouldn't give in
And confess all of his sin
To The Black Smoke and now he's deceased.
Mr. Eko
76.4%
A 'tail'ie addition to cast
Was with LAPD in her past
When she couldn’t kill Ben
Michael shot her which then
Made her FURIOUS but not too FAST.
Ana Lucia Cortez
66.5%
On all fours he used to stand guard
Spends his time now with Rose & Bernard
It wasn’t his fault
He could not stay with Walt
I bet leaving him must have been hard.
Vincent
61.9%
A killing machine on two legs
Shoots Ben's girl tho she kneels down & begs
But his resume's greater /Than the rest on the freighter
'Cuz he whips up a mean batch of eggs.
Martin Keamy
37.6%
Remove Ads.
Support Sporcle.
Get the best of Sporcle when you Go Orange. This ad-free experience offers more features, more stats, and more fun while also helping to support Sporcle. Thank you for becoming a member.

You're not logged in!

Compare scores with friends on all Sporcle quizzes.
OR
Log In

Show Comments

Extras

Top Quizzes Today


Score Distribution

Your Account Isn't Verified!

In order to create a playlist on Sporcle, you need to verify the email address you used during registration. Go to your Sporcle Settings to finish the process.

Report this User

Report this user for behavior that violates our Community Guidelines.

Details: